000 00706nam a2200229 u 4500
005 20240806064041.0
008 181108s2010 r 000 0 eng d
020 _a9788492723454
035 _aUPN01000227705
049 _aCG
050 4 _aPS3613 A5.7
_bB4.2
100 1 _aManseau, Peter,
_d1974-
_942623
245 1 3 _aLa biblioteca de los sueños rotos /
_cPeter Manseau ; tr. de Miguel Martínez-Lage.
260 _aBarcelona, Esp. :
_bDuomo,
_c2010.
300 _a446 p.
440 0 _aNefelibata
534 _pTítulo original:
_tSongs for the butcher's daughter
650 4 _aNovela estadounidense
_94462
650 4 _aLiteratura estadounidense
_95229
905 _aLibro
999 _c199800
_d199800